[Event "Oberliga Nord N 1920"]
[Site "Germany"]
[Date "2021.08.14"]
[Round "8.3"]
[White "Wanner, Lukas"]
[Black "Schmidt, Jan Peter"]
[Result "1/2-1/2"]
[WhiteElo "2083"]
[BlackElo "2257"]
[PlyCount "26"]
[EventDate "2019.09.29"]
[EventType "team-tourn"]
[EventRounds "9"]
[EventCountry "GER"]
[SourceTitle "EXT 2023"]
[Source "ChessBase"]
[SourceDate "2022.10.05"]
[SourceVersion "1"]
[SourceVersionDate "2022.10.05"]
[SourceQuality "1"]
[WhiteTeam "Kiel Doppelbauer"]
[BlackTeam "Hamburg Koenigsspringer"]
[WhiteTeamCountry "GER"]
[BlackTeamCountry "GER"]

1. c4 c5 2. g3 g6 3. Bg2 Bg7 4. Nc3 Nc6 5. a3 d6 6. Rb1 e6 7. b4 Nge7 8. Nf3 0-0 9. 0-0 b6 10. Qb3 Bb7 11. Bb2 Qd7 12. e3 Rac8 13. Rfd1 Ne5 1/2-1/2

[Event "GER-ch Net blitz qual5"]
[Site "Playchess.com INT"]
[Date "2020.03.28"]
[Round "5"]
[White "Nguyen, Alex Dac Vuong"]
[Black "Wanner, Lukas"]
[Result "1-0"]
[WhiteElo "2361"]
[BlackElo "2087"]
[PlyCount "74"]
[EventDate "2020.03.28"]
[EventType "swiss (blitz)"]
[EventRounds "13"]
[EventCountry "GER"]
[SourceTitle "CBM 195 Extra"]
[Source "ChessBase"]
[SourceDate "2020.05.31"]
[SourceVersion "1"]
[SourceVersionDate "2020.05.31"]
[SourceQuality "1"]

1. e4 c5 2. Nf3 g6 3. d4 cxd4 4. Nxd4 Nc6 5. c4 Nf6 6. Nc3 Nxd4 7. Qxd4 d6 8. Be3 Bg7 9. Be2 0-0 10. Qd2 a5 11. 0-0 Bd7 12. Rab1 a4 13. f3 Bc6 14. Rfc1 Qa5 15. Nd5 Bxd5 16. Qxa5 Rxa5 17. cxd5 Nd7 18. Rc7 Nc5 19. Rxe7 b5 20. a3 f5 21. e5 Nb3 22. exd6 Rd8 23. d7 Kf8 24. d6 Bd4 25. Kf2 f4 26. Bxd4 Nxd4 27. Rxh7 Raa8 28. Rd1 Nxe2 29. Kxe2 Kg8 30. Re7 Kf8 31. Rd4 g5 32. Rd5 Ra7 33. Rf5+ Kg8 34. Rxg5+ Kf8 35. Rf5+ Kg8 36. Re8+ Kg7 37. Rxd8 Rc7 1-0

[Event "GER-ch Net blitz qual5"]
[Site "Playchess.com INT"]
[Date "2020.03.28"]
[Round "11"]
[White "Schulz, Karsten"]
[Black "Wanner, Lukas"]
[Result "1-0"]
[WhiteElo "2301"]
[BlackElo "2087"]
[PlyCount "78"]
[EventDate "2020.03.28"]
[EventType "swiss (blitz)"]
[EventRounds "13"]
[EventCountry "GER"]
[SourceTitle "CBM 195 Extra"]
[Source "ChessBase"]
[SourceDate "2020.05.31"]
[SourceVersion "1"]
[SourceVersionDate "2020.05.31"]
[SourceQuality "1"]

1. Nf3 c5 2. c4 g6 3. g3 Bg7 4. Nc3 Nc6 5. Bg2 d6 6. Rb1 e6 7. a3 Nge7 8. b4 0-0 9. 0-0 b6 10. b5 Na5 11. Qc2 Bb7 12. d3 Rc8 13. e4 d5 14. exd5 exd5 15. Ne2 dxc4 16. dxc4 Nf5 17. Bd2 Qf6 18. Bxa5 bxa5 19. Nf4 Rfd8 20. Rbd1 Nd4 21. Nxd4 Bxg2 22. Kxg2 Rxd4 23. Rxd4 cxd4 24. Nd5 Qd6 25. Qd3 Re8 26. Rd1 h5 27. h4 Qc5 28. Rd2 Qd6 29. a4 Re6 30. Nf4 Re1 31. Re2 Rxe2 32. Qxe2 Be5 33. Nd3 Bf6 34. Qe4 Kg7 35. c5 Qe6 36. Qxe6 fxe6 37. c6 Bd8 38. Kf3 Kf6 39. Ke4 e5 1-0

[Event "GER-ch Net blitz qual5"]
[Site "Playchess.com INT"]
[Date "2020.03.28"]
[Round "13"]
[White "Wanner, Lukas"]
[Black "Deuer, Marius"]
[Result "1/2-1/2"]
[WhiteElo "2087"]
[BlackElo "2122"]
[PlyCount "39"]
[EventDate "2020.03.28"]
[EventType "swiss (blitz)"]
[EventRounds "13"]
[EventCountry "GER"]
[SourceTitle "CBM 195 Extra"]
[Source "ChessBase"]
[SourceDate "2020.05.31"]
[SourceVersion "1"]
[SourceVersionDate "2020.05.31"]
[SourceQuality "1"]

1. c4 c5 2. g3 Nf6 3. Bg2 d5 4. cxd5 Nxd5 5. Nc3 Nc7 6. Nf3 Nc6 7. 0-0 e5 8. d3 Be7 9. Be3 Be6 10. a4 0-0 11. a5 f6 12. Qa4 Nd4 13. Bxd4 cxd4 14. Nb5 Nxb5 15. Qxb5 Qd7 16. Qxd7 Bxd7 17. a6 Bc6 18. Nd2 Bxg2 19. Kxg2 Rab8 20. Nc4 1/2-1/2

[Event "GER-ch Net blitz qual5"]
[Site "Playchess.com INT"]
[Date "2020.03.28"]
[Round "9"]
[White "Wanner, Lukas"]
[Black "Ehmann, Thilo"]
[Result "0-1"]
[WhiteElo "2087"]
[BlackElo "2330"]
[PlyCount "26"]
[EventDate "2020.03.28"]
[EventType "swiss (blitz)"]
[EventRounds "13"]
[EventCountry "GER"]
[SourceTitle "CBM 195 Extra"]
[Source "ChessBase"]
[SourceDate "2020.05.31"]
[SourceVersion "1"]
[SourceVersionDate "2020.05.31"]
[SourceQuality "1"]

1. c4 c5 2. g3 Nf6 3. Bg2 d5 4. cxd5 Nxd5 5. Nc3 Nc7 6. Nf3 Nc6 7. 0-0 e5 8. d3 Be7 9. Be3 0-0 10. a4 Bd7 11. a5 Rb8 12. Qb3 b6 13. axb6 axb6 0-1

[Event "GER-ch Net blitz qual4"]
[Site "Playchess.com INT"]
[Date "2020.03.23"]
[Round "6"]
[White "Wanner, Lukas"]
[Black "Reichmann, Hendrik"]
[Result "0-1"]
[WhiteElo "2087"]
[BlackElo "2344"]
[PlyCount "64"]
[EventDate "2020.03.23"]
[EventType "swiss (blitz)"]
[EventRounds "9"]
[EventCountry "GER"]
[SourceTitle "CBM 195 Extra"]
[Source "ChessBase"]
[SourceDate "2020.05.31"]
[SourceVersion "1"]
[SourceVersionDate "2020.05.31"]
[SourceQuality "1"]

1. c4 g6 2. g3 Bg7 3. Bg2 d6 4. Nc3 c5 5. e4 Nc6 6. Nge2 e6 7. d3 Nge7 8. 0-0 0-0 9. Be3 Nd4 10. Rb1 Nec6 11. a3 a5 12. Qd2 a4 13. Bxd4 cxd4 14. Nb5 e5 15. f4 f6 16. fxe5 fxe5 17. Rxf8+ Bxf8 18. Rf1 Be7 19. h4 Kg7 20. Kh2 h5 21. Ng1 Be6 22. Bh3 Bg4 23. Nf3 Bxh3 24. Kxh3 Qd7+ 25. Kg2 Rf8 26. Qd1 Qg4 27. Qxa4 Bxh4 28. Qd1 Bxg3 29. Nh2 Qh4 30. Nf3 Rxf3 31. Kxf3 Bf4 32. Rf2 Qg4# 0-1

[Event "GER-ch Net blitz qual3"]
[Site "Playchess.com INT"]
[Date "2020.03.21"]
[Round "2"]
[White "Augustin, Christian"]
[Black "Wanner, Lukas"]
[Result "0-1"]
[WhiteElo "1963"]
[BlackElo "2087"]
[PlyCount "74"]
[EventDate "2020.03.21"]
[EventType "swiss (blitz)"]
[EventRounds "9"]
[EventCountry "GER"]
[SourceTitle "CBM 195 Extra"]
[Source "ChessBase"]
[SourceDate "2020.05.31"]
[SourceVersion "1"]
[SourceVersionDate "2020.05.31"]
[SourceQuality "1"]

1. Nc3 c5 2. g3 g6 3. Bg2 Bg7 4. Nf3 Nc6 5. d3 e5 6. Nd5 h6 7. 0-0 Nge7 8. e4 0-0 9. c4 d6 10. Be3 Nxd5 11. cxd5 Nd4 12. Qd2 Kh7 13. h4 Bg4 14. Nh2 Bd7 15. Bxd4 cxd4 16. f4 f5 17. fxe5 fxe4 18. Bxe4 dxe5 19. Nf3 Bf5 20. Rae1 Qd6 21. h5 Rae8 22. hxg6+ Qxg6 23. Kg2 Qg4 24. Nh4 Bxe4+ 25. dxe4 Bf6 26. Nf5 Bg5 27. Qe2 Qxe2+ 28. Rxe2 d3 29. Ree1 Rc8 30. Rd1 Rc2+ 31. Rf2 d2 32. Kf1 Rc1 33. Ke2 Rfc8 34. Rxd2 Bxd2 35. Kxd2 R8c2+ 36. Ke3 Re1+ 37. Kd3 Rxf2 0-1

[Event "GER-ch Net blitz qual3"]
[Site "Playchess.com INT"]
[Date "2020.03.21"]
[Round "6"]
[White "Fridman, Daniel"]
[Black "Wanner, Lukas"]
[Result "1-0"]
[WhiteElo "2619"]
[BlackElo "2087"]
[PlyCount "51"]
[EventDate "2020.03.21"]
[EventType "swiss (blitz)"]
[EventRounds "9"]
[EventCountry "GER"]
[SourceTitle "CBM 195 Extra"]
[Source "ChessBase"]
[SourceDate "2020.05.31"]
[SourceVersion "1"]
[SourceVersionDate "2020.05.31"]
[SourceQuality "1"]

1. d4 c5 2. d5 d6 3. Nc3 Nf6 4. e4 g6 5. f4 Bg7 6. Nf3 0-0 7. Bc4 Na6 8. 0-0 Rb8 9. e5 dxe5 10. fxe5 Ng4 11. Bf4 e6 12. d6 Nb4 13. h3 Nh6 14. g4 f6 15. exf6 Qxf6 16. Bg5 Qf7 17. Qd2 Bd7 18. Bxh6 Bxh6 19. Qxh6 Nxc2 20. Ng5 Qg7 21. Bxe6+ Bxe6 22. Qxg7+ Kxg7 23. Nxe6+ Kg8 24. Rxf8+ Rxf8 25. Nxf8 Kxf8 26. Rd1 1-0

[Event "GER-ch Net blitz qual3"]
[Site "Playchess.com INT"]
[Date "2020.03.21"]
[Round "3"]
[White "Wanner, Lukas"]
[Black "Helmer, Christoph"]
[Result "1-0"]
[WhiteElo "2087"]
[BlackElo "2207"]
[PlyCount "57"]
[EventDate "2020.03.21"]
[EventType "swiss (blitz)"]
[EventRounds "9"]
[EventCountry "GER"]
[SourceTitle "CBM 195 Extra"]
[Source "ChessBase"]
[SourceDate "2020.05.31"]
[SourceVersion "1"]
[SourceVersionDate "2020.05.31"]
[SourceQuality "1"]

1. c4 b6 2. Nc3 Bb7 3. e4 e5 4. g3 Nf6 5. Bg2 Bc5 6. Nge2 Nc6 7. 0-0 h5 8. a3 a5 9. h3 h4 10. g4 Nd4 11. d3 Nxg4 12. Nxd4 exd4 13. Qxg4 dxc3 14. Qxg7 Rf8 15. bxc3 Qe7 16. d4 0-0-0 17. dxc5 Rg8 18. Qd4 Bxe4 19. f3 Bxf3 20. Rxf3 Qe1+ 21. Kh2 Rxg2+ 22. Kxg2 Rg8+ 23. Kh2 bxc5 24. Qf2 Qe4 25. Bf4 Qxc4 26. Rb1 Re8 27. Re3 Rg8 28. Rb2 Qd5 29. Qf3 1-0

[Event "GER-ch Net blitz qual1"]
[Site "Playchess.com INT"]
[Date "2020.03.07"]
[Round "3"]
[White "Schubert, Joachim"]
[Black "Wanner, Lukas"]
[Result "0-1"]
[WhiteElo "1881"]
[BlackElo "2087"]
[PlyCount "118"]
[EventDate "2020.03.07"]
[EventType "swiss (blitz)"]
[EventRounds "9"]
[EventCountry "GER"]
[SourceTitle "CBM 195 Extra"]
[Source "ChessBase"]
[SourceDate "2020.05.31"]
[SourceVersion "1"]
[SourceVersionDate "2020.05.31"]
[SourceQuality "1"]

1. e4 c5 2. Nf3 g6 3. d4 cxd4 4. Nxd4 Nc6 5. c3 Nf6 6. f3 Bg7 7. Be3 0-0 8. Bc4 d5 9. Nxc6 bxc6 10. exd5 cxd5 11. Bb3 e5 12. 0-0 Be6 13. Bg5 Qc7 14. Bh4 Rfe8 15. Bg3 Qc5+ 16. Kh1 e4 17. Be5 exf3 18. Rxf3 Bg4 19. Bd4 Bxf3 20. gxf3 Qd6 21. Nd2 Qf4 22. Nf1 a5 23. Qd2 Qxd2 24. Nxd2 a4 25. Bxf6 Bxf6 26. Bxd5 Rad8 27. c4 Re2 28. Ne4 Bxb2 29. Rb1 a3 30. Kg1 Kg7 31. h4 Rb8 32. Kf1 Rh2 33. Rd1 Rxh4 34. Ke2 f5 35. Nc5 Re8+ 36. Kd3 Rd4+ 37. Kc2 Re2+ 38. Kb3 Rxd1 39. Ne6+ Kf6 40. Nf4 Re3+ 41. Ka4 h5 42. Bg8 Rxf3 43. Nd5+ Ke5 44. Ne7 g5 45. Nc6+ Kd6 46. Nb4 h4 47. Bd5 Re3 48. Nc2 Re7 49. Nb4 Rxd5 50. Nxd5 Ra7+ 51. Kb3 h3 52. Ne3 f4 53. Ng4 Kc5 54. Kc2 Kxc4 55. Kd1 Re7 56. Nf2 Kc3 57. Nxh3 f3 58. Nf2 Kd4 59. Kd2 Re2+ 0-1

[Event "Pfalz op 10th"]
[Site "Neustadt an der Weinstrasse"]
[Date "2019.03.04"]
[Round "7"]
[White "Adocchio, Giampiero"]
[Black "Wanner, Lukas"]
[Result "1/2-1/2"]
[WhiteElo "2171"]
[BlackElo "2051"]
[PlyCount "69"]
[EventDate "2019.03.01"]
[EventType "swiss"]
[EventRounds "9"]
[EventCountry "GER"]
[SourceTitle "CBM 189 Extra"]
[Source "ChessBase"]
[SourceDate "2019.06.03"]
[SourceVersion "1"]
[SourceVersionDate "2019.06.03"]
[SourceQuality "1"]

1. d4 Nf6 2. Bf4 g6 3. Nc3 d5 4. e3 Bg7 5. h4 h5 6. Nf3 Bg4 7. Qd2 Bxf3 8. gxf3 c6 9. 0-0-0 0-0 10. e4 e6 11. Kb1 b5 12. e5 Nfd7 13. Bg5 Qc7 14. Bh6 a6 15. Ne2 c5 16. Bxg7 Kxg7 17. Nf4 Rh8 18. Rg1 Nf8 19. Bd3 Rh6 20. c3 Nc6 21. Rg5 b4 22. Rdg1 bxc3 23. bxc3 cxd4 24. Nxh5+ Kh8 25. Qf4 Qe7 26. Nf6 dxc3 27. Rxg6 fxg6 28. Qxh6+ Nh7 29. Qxh7+ Qxh7 30. Nxh7 Kxh7 31. Bxg6+ Kh6 32. Bc2 Nd4 33. Rg6+ Kh5 34. Rg5+ Kh6 35. h5 1/2-1/2

[Event "Pfalz op 10th"]
[Site "Neustadt an der Weinstrasse"]
[Date "2019.03.03"]
[Round "4"]
[White "Wanner, Lukas"]
[Black "Schiffer, Stefan"]
[Result "1/2-1/2"]
[WhiteElo "2051"]
[BlackElo "2261"]
[PlyCount "76"]
[EventDate "2019.03.01"]
[EventType "swiss"]
[EventRounds "9"]
[EventCountry "GER"]
[SourceTitle "CBM 189 Extra"]
[Source "ChessBase"]
[SourceDate "2019.06.03"]
[SourceVersion "1"]
[SourceVersionDate "2019.06.03"]
[SourceQuality "1"]

1. c4 c6 2. g3 d5 3. Nf3 Nf6 4. Bg2 dxc4 5. a4 Bf5 6. Na3 Nbd7 7. Nxc4 Nb6 8. Nce5 Nbd7 9. Nc4 e6 10. a5 a6 11. 0-0 Be7 12. d3 0-0 13. b3 Re8 14. Bb2 Qc7 15. Nfe5 Nxe5 16. Bxe5 Qd8 17. Nb6 Ra7 18. Qc2 Bd6 19. Qb2 Bxe5 20. Qxe5 Nd7 21. Nxd7 Qxd7 22. Ra4 Raa8 23. Rc1 Rad8 24. Rb4 f6 25. Qc5 Qe7 26. Qxe7 Rxe7 27. Rc5 Bg6 28. h4 e5 29. Rc3 Bf7 30. Kf1 Bd5 31. Rc5 Be6 32. Ke1 Rd4 33. Rxd4 exd4 34. b4 Bg4 35. Bf1 Be6 36. Bg2 Bg4 37. Bf1 Be6 38. Bg2 Bg4 1/2-1/2

[Event "GER-chT U20"]
[Site "Osnabrueck"]
[Date "2018.12.30"]
[Round "7.4"]
[White "Wanner, Lukas"]
[Black "Hoppe, Andreas"]
[Result "1-0"]
[WhiteElo "2037"]
[BlackElo "1979"]
[PlyCount "77"]
[EventDate "2018.12.27"]
[EventType "team-swiss"]
[EventRounds "7"]
[EventCountry "GER"]
[SourceTitle "CBM 188 Extra"]
[Source "ChessBase"]
[SourceDate "2019.02.26"]
[SourceVersion "1"]
[SourceVersionDate "2019.02.26"]
[SourceQuality "1"]
[WhiteTeam "Kiel Doppelbauer"]
[BlackTeam "Hagen"]
[WhiteTeamCountry "GER"]
[BlackTeamCountry "GER"]

1. c4 e5 2. g3 d6 3. Bg2 Nc6 4. Nc3 Bf5 5. e4 Be6 6. d3 Be7 7. Nge2 Qd7 8. Nd5 f5 9. Be3 Nf6 10. f3 h6 11. Qd2 0-0 12. 0-0 Nd8 13. Rae1 c6 14. Nxe7+ Qxe7 15. exf5 Bxf5 16. Nc3 Qd7 17. d4 Nf7 18. d5 cxd5 19. Nxd5 Nxd5 20. cxd5 b6 21. Rc1 Rac8 22. Rxc8 Rxc8 23. Rc1 Bh3 24. Rxc8+ Qxc8 25. Bxh3 Qxh3 26. Qc2 Qd7 27. a4 Ng5 28. Bxg5 hxg5 29. Qc6 Qe7 30. Kg2 e4 31. Qc8+ Kf7 32. Qf5+ Qf6 33. Qxf6+ gxf6 34. fxe4 Kg6 35. Kf3 f5 36. exf5+ Kxf5 37. h4 g4+ 38. Ke3 Ke5 39. h5 1-0

[Event "GER-chT U20"]
[Site "Osnabrueck"]
[Date "2018.12.29"]
[Round "5.4"]
[White "Wanner, Lukas"]
[Black "Sabirov, Ramil"]
[Result "0-1"]
[WhiteElo "2037"]
[BlackElo "2066"]
[PlyCount "96"]
[EventDate "2018.12.27"]
[EventType "team-swiss"]
[EventRounds "7"]
[EventCountry "GER"]
[SourceTitle "CBM 188 Extra"]
[Source "ChessBase"]
[SourceDate "2019.02.26"]
[SourceVersion "1"]
[SourceVersionDate "2019.02.26"]
[SourceQuality "1"]
[WhiteTeam "Kiel Doppelbauer"]
[BlackTeam "Porz SG"]
[WhiteTeamCountry "GER"]
[BlackTeamCountry "GER"]

1. c4 c5 2. g3 g6 3. Bg2 Bg7 4. Nc3 Nc6 5. Nf3 e6 6. d3 Nge7 7. Bg5 h6 8. Bd2 0-0 9. a3 b6 10. Rb1 Bb7 11. Qc1 Kh7 12. b4 d6 13. b5 Na5 14. 0-0 f5 15. Na4 Rb8 16. Qc2 g5 17. Bxg5 hxg5 18. Nxg5+ Kg8 19. Bxb7 Nxb7 20. Nxe6 Qd7 21. Nxf8 Rxf8 22. Nc3 f4 23. Nd5 Nxd5 24. cxd5 Qh3 25. d4 Bxd4 26. Rb3 Rf7 27. Qg6+ Rg7 28. Qe8+ Kh7 29. Qe4+ Kg8 30. e3 Rh7 31. Qg2 Qxg2+ 32. Kxg2 fxe3 33. fxe3 Be5 34. e4 Rf7 35. Rxf7 Kxf7 36. h4 c4 37. Rf3+ Kg7 38. Kf2 Nc5 39. Ke3 c3 40. Rf1 Nb3 41. Kd3 Nc5+ 42. Ke3 Na4 43. h5 Nb2 44. h6+ Kxh6 45. Rf7 Nc4+ 46. Kd3 Nxa3 47. Rxa7 c2 48. Kd2 Bb2 0-1

[Event "Kiel op 31st"]
[Site "Kiel"]
[Date "2018.08.01"]
[Round "7"]
[White "Wanner, Lukas"]
[Black "Wichmann, Cliff"]
[Result "1-0"]
[WhiteElo "2025"]
[BlackElo "2305"]
[PlyCount "113"]
[EventDate "2018.07.28"]
[EventType "swiss"]
[EventRounds "9"]
[EventCountry "GER"]
[SourceTitle "CBM 185 Extra"]
[Source "ChessBase"]
[SourceDate "2018.07.29"]
[SourceVersion "1"]
[SourceVersionDate "2018.07.29"]
[SourceQuality "1"]

1. c4 e6 2. g3 d5 3. Bg2 Nf6 4. Nf3 Be7 5. 0-0 0-0 6. b3 d4 7. e3 c5 8. exd4 cxd4 9. Bb2 Nc6 10. Re1 Re8 11. Ne5 Nxe5 12. Rxe5 Bd6 13. Re1 e5 14. d3 Bg4 15. Qc2 Qd7 16. a3 a5 17. Nd2 Rac8 18. Ne4 Nxe4 19. Bxe4 b5 20. a4 bxc4 21. bxc4 Bb4 22. Reb1 f5 23. Bg2 e4 24. Ba3 exd3 25. Qxd3 Be2 26. Bd5+ Qxd5 27. Qxe2 Qf7 28. Qd3 Bc3 29. Bb2 Rxc4 30. Bxc3 dxc3 31. Rb5 g6 32. Rxa5 Rcc8 33. Rd5 Re7 34. Rc1 Qf6 35. a5 Rc6 36. Kg2 Qe6 37. Rd8+ Kf7 38. Rxc3 Rxc3 39. Qxc3 Qe4+ 40. Qf3 Qxf3+ 41. Kxf3 Ke6 42. Rd3 Ra7 43. Ra3 Ra6 44. Ke3 Ke5 45. f4+ Kd5 46. Kd3 Kc5 47. Kc3 Kb5 48. Kd4 Kb4 49. Ra1 Rd6+ 50. Ke5 Ra6 51. Kd5 Kb5 52. Rc1 Ka4 53. Kc5 Ra8 54. Ra1+ Kb3 55. a6 Kb2 56. Ra5 Kc2 57. a7 1-0

[Event "Kiel op 31st"]
[Site "Kiel"]
[Date "2018.07.28"]
[Round "2"]
[White "Kaulich, Philipp Theodor"]
[Black "Wanner, Lukas"]
[Result "1-0"]
[WhiteElo "2157"]
[BlackElo "2025"]
[PlyCount "107"]
[EventDate "2018.07.28"]
[EventType "swiss"]
[EventRounds "9"]
[EventCountry "GER"]
[SourceTitle "CBM 185 Extra"]
[Source "ChessBase"]
[SourceDate "2018.07.29"]
[SourceVersion "1"]
[SourceVersionDate "2018.07.29"]
[SourceQuality "1"]

1. e4 c5 2. d4 cxd4 3. c3 dxc3 4. Nxc3 Nc6 5. Nf3 a6 6. Bc4 e6 7. 0-0 Nge7 8. Bg5 f6 9. Be3 Ng6 10. Nd4 Be7 11. f4 0-0 12. Qh5 Nxd4 13. Bxd4 Qc7 14. Bb3 Nxf4 15. Qg4 Bc5 16. Bxc5 Qxc5+ 17. Kh1 Nd3 18. Qg3 Ne5 19. Rac1 Qb4 20. Rf4 Qd6 21. Rd1 Qc7 22. Rh4 b5 23. Nd5 Qd8 24. Ne3 Qe8 25. Nf5 g6 26. Nd6 Qe7 27. Nf5 Qe8 28. Nd6 Qe7 29. Nf5 Qe8 30. Rh3 Kh8 31. Qh4 Qf7 32. Nd6 Qg7 33. Rc3 g5 34. Qg3 Rb8 35. Rc7 Qe7 36. Qe3 Ra8 37. Qb6 Rd8 38. Rdc1 Qf8 39. h3 Kg8 40. Qc5 Nd3 41. Qd4 Nxc1 42. Rxc1 Rb8 43. Rf1 Kg7 44. e5 f5 45. Qa7 Bb7 46. Nxb7 Rdc8 47. Nd6 Rd8 48. Bxe6 Kg6 49. Bxf5+ Kh6 50. Bd3 Qg8 51. Nf5+ Kh5 52. Be2+ g4 53. hxg4+ Kg5 54. Qe3+ 1-0

[Event "GER-chT U20"]
[Site "Duesseldorf"]
[Date "2017.12.29"]
[Round "5.3"]
[White "Riehle, Marco"]
[Black "Wanner, Lukas"]
[Result "1/2-1/2"]
[WhiteElo "2280"]
[BlackElo "2024"]
[PlyCount "196"]
[EventDate "2017.12.27"]
[EventType "team-swiss"]
[EventRounds "7"]
[EventCountry "GER"]
[SourceTitle "CBM 182 Extra"]
[Source "ChessBase"]
[SourceDate "2018.02.23"]
[SourceVersion "1"]
[SourceVersionDate "2018.02.23"]
[SourceQuality "1"]
[WhiteTeam "Sasbach U20"]
[BlackTeam "Kiel Doppelbauer U20"]
[WhiteTeamCountry "GER"]
[BlackTeamCountry "GER"]

1. e4 c5 2. Nf3 g6 3. d4 cxd4 4. Nxd4 Nc6 5. c4 Nf6 6. Nc3 Nxd4 7. Qxd4 d6 8. f3 Bg7 9. Be3 0-0 10. Qd2 Be6 11. Be2 a5 12. 0-0 a4 13. b4 axb3 14. axb3 Nd7 15. Rxa8 Qxa8 16. Na4 Rb8 17. Qc2 Qa5 18. f4 Nc5 19. Nxc5 dxc5 20. e5 f6 21. exf6 exf6 22. Qe4 Bf7 23. f5 Re8 24. Qf3 Qa2 25. Bd1 Qa3 26. Bd2 Qa6 27. Bc3 g5 28. Bc2 b5 29. Ra1 Qb6 30. Bd3 b4 31. Bb2 h5 32. Be4 g4 33. Qd3 Rd8 34. Qxd8+ Qxd8 35. Ra8 Qxa8 36. Bxa8 Be8 37. Kf2 Kf7 38. Bc1 Bf8 39. Bd5+ Kg7 40. Ke3 Bd6 41. h3 Be5 42. Ke4 gxh3 43. gxh3 Bd4 44. Bd2 Bg1 45. Bf4 Bf2 46. Bb7 Bd7 47. Bd6 Kf7 48. Kf4 Kg7 49. Be4 Bd4 50. Kf3 Be8 51. Bg3 Bd7 52. Be1 Be8 53. Kg3 Be3 54. Bb7 Kf7 55. Kf3 Bg1 56. Ke4 Bd7 57. h4 Ke7 58. Bg3 Kf7 59. Bd5+ Kf8 60. Ba8 Kf7 61. Bb7 Ke7 62. Kd5 Bxf5 63. Bd6+ Kf7 64. Bxc5 Be4+ 65. Kxe4 Bxc5 66. Kd5 Bf2 67. Kd6 Ke8 68. Kc7 Ke7 69. Bf3 Bxh4 70. Bxh5 Bg3+ 71. Kb6 Kd8 72. Bg4 Bf4 73. Kb7 Be3 74. Bf3 f5 75. Be2 f4 76. Bf3 Bd4 77. Kc6 Be5 78. Kd5 Bf6 79. Kd6 Be7+ 80. Kc6 Bf6 81. c5 Be5 82. Kd5 Bf6 83. Kd6 Be7+ 84. Kc6 Bf6 85. Kb6 Be5 86. Kb5 Bc3 87. Kc6 Be5 88. Kd5 Bg7 89. Kd6 Bf8+ 90. Kc6 Bg7 91. Kb7 Be5 92. Kc6 Bg7 93. Kb7 Be5 94. Kb6 Bd4 95. Be4 Be5 96. Kc6 f3 97. Bxf3 Bf4 98. Bh1 Bg3 1/2-1/2

[Event "GER-chT U20"]
[Site "Duesseldorf"]
[Date "2017.12.28"]
[Round "3.3"]
[White "Rempe, Moritz"]
[Black "Wanner, Lukas"]
[Result "0-1"]
[WhiteElo "1990"]
[BlackElo "2024"]
[PlyCount "94"]
[EventDate "2017.12.27"]
[EventType "team-swiss"]
[EventRounds "7"]
[EventCountry "GER"]
[SourceTitle "CBM 182 Extra"]
[Source "ChessBase"]
[SourceDate "2018.02.23"]
[SourceVersion "1"]
[SourceVersionDate "2018.02.23"]
[SourceQuality "1"]
[WhiteTeam "Bochum SG U20"]
[BlackTeam "Kiel Doppelbauer U20"]
[WhiteTeamCountry "GER"]
[BlackTeamCountry "GER"]

1. d4 Nf6 2. c4 g6 3. Nf3 Bg7 4. Nc3 d6 5. h3 0-0 6. Bg5 c5 7. e3 b6 8. Be2 Bb7 9. 0-0 Na6 10. d5 Nc7 11. Qd2 h6 12. Bxf6 Bxf6 13. e4 Bg7 14. Nh4 e6 15. g3 exd5 16. exd5 a6 17. Rab1 Re8 18. Bd3 Qd7 19. Kg2 b5 20. b3 b4 21. Na4 Qe7 22. Nf3 Qf6 23. Nb6 Rad8 24. Be2 Na8 25. Na4 Bc8 26. Nb2 Re7 27. Nd1 Rde8 28. Ne3 h5 29. Ne1 Bh6 30. N1c2 h4 31. Bg4 Bf5 32. Bxf5 gxf5 33. f4 hxg3 34. Rf3 Kh7 35. Re1 Re4 36. Qd3 Bxf4 37. Ng4 fxg4 38. Rxe4 gxf3+ 39. Kxf3 Rxe4 40. Qxe4+ Kg7 41. Kg2 Be5 42. Qg4+ Qg6 43. Qe2 Qf5 44. Ne3 Qe4+ 45. Qf3 Qxf3+ 46. Kxf3 Kg6 47. h4 f5 0-1

[Event "GER-chT U20"]
[Site "Duesseldorf"]
[Date "2017.12.27"]
[Round "1.3"]
[White "Kunath, Tim"]
[Black "Wanner, Lukas"]
[Result "1/2-1/2"]
[WhiteElo "2006"]
[BlackElo "2024"]
[PlyCount "93"]
[EventDate "2017.12.27"]
[EventType "team-swiss"]
[EventRounds "7"]
[EventCountry "GER"]
[SourceTitle "CBM 182 Extra"]
[Source "ChessBase"]
[SourceDate "2018.02.23"]
[SourceVersion "1"]
[SourceVersionDate "2018.02.23"]
[SourceQuality "1"]
[WhiteTeam "Coswig U20"]
[BlackTeam "Kiel Doppelbauer U20"]
[WhiteTeamCountry "GER"]
[BlackTeamCountry "GER"]

1. e4 d6 2. d4 Nf6 3. Nc3 g6 4. Nf3 Bg7 5. Be2 0-0 6. 0-0 Bg4 7. Be3 Nc6 8. h3 Bxf3 9. Bxf3 e5 10. d5 Nd4 11. Bxd4 exd4 12. Qxd4 Nd7 13. Qd2 Qh4 14. Kh2 h5 15. g3 Qf6 16. Bg2 h4 17. Rae1 Rae8 18. Nd1 Re7 19. c3 Kh7 20. Ne3 Qg5 21. Nc4 hxg3+ 22. fxg3 Qxd2 23. Nxd2 Rfe8 24. g4 Nc5 25. g5 b6 26. Kg3 Nd3 27. Rb1 Be5+ 28. Kf3 Bf4 29. Ke2 Bxd2 30. Kxd2 Nc5 31. Rbe1 Kg7 32. Rf4 Nd7 33. h4 Rh8 34. Kd3 Ne5+ 35. Kd4 Ree8 36. c4 a5 37. a3 Ra8 38. Rh1 Rh7 39. Bf3 Rf8 40. Be2 Rfh8 41. Ke3 Kf8 42. Kf2 Ke7 43. Kg3 Rc8 44. Bg4 Rf8 45. Be2 Rc8 46. Bg4 Rf8 47. Be2 1/2-1/2

[Event "GER-chT U20"]
[Site "Duesseldorf"]
[Date "2017.12.27"]
[Round "2.3"]
[White "Wanner, Lukas"]
[Black "Bunyatov, Rustam Faiq"]
[Result "1/2-1/2"]
[WhiteElo "2024"]
[BlackElo "2166"]
[PlyCount "48"]
[EventDate "2017.12.27"]
[EventType "team-swiss"]
[EventRounds "7"]
[EventCountry "GER"]
[SourceTitle "CBM 182 Extra"]
[Source "ChessBase"]
[SourceDate "2018.02.23"]
[SourceVersion "1"]
[SourceVersionDate "2018.02.23"]
[SourceQuality "1"]
[WhiteTeam "Kiel Doppelbauer U20"]
[BlackTeam "Porz SG U20"]
[WhiteTeamCountry "GER"]
[BlackTeamCountry "GER"]

1. c4 Nf6 2. g3 e5 3. Bg2 Nc6 4. Nc3 Bb4 5. Nd5 Bc5 6. Nf3 d6 7. 0-0 0-0 8. d3 h6 9. a3 Nxd5 10. cxd5 Ne7 11. d4 exd4 12. Nxd4 Bd7 13. b4 Bb6 14. Bb2 a5 15. Qb3 axb4 16. axb4 Nf5 17. Nxf5 Bxf5 18. Rxa8 Qxa8 19. Qc3 f6 20. e4 Bd7 21. Kh1 Qc8 22. f4 Bh3 23. Re1 Bxg2+ 24. Kxg2 Qd7 1/2-1/2